000 00892nam a22001937a 4500
999 _c64068
_d64068
003 Ge_BSU
005 20260320135509.0
008 260320s1971 ge ||||| |||| 00| 0 geo d
041 _ageo
080 _a338(479.22) : 008(479.22) ბ-32
100 _aბაქრაძე, გიორგი
_926028
245 _aსოციალისტური ეკონომიკისა და კულტურის აღმავლობის ახალი მიჯნები /
_cგიორგი ბაქრაძე.
264 _aთბილისი :
_bსაბჭ. საქართველო,
_c1971.
300 _a86 გვ. ;
_b 20 სმ.
490 _aსკკპ XXIV ყრილობა
653 _aსაქართველოს ეკონომიკა
653 _aქართული კულტურა
942 _2udc
_cᲬᲘᲒᲜᲘ